header

Once upon an Oldman (Record no. 88558)

MARC details
000 -LEADER
fixed length control field 01416nam a2200337Ia 4500
100 1# - MAIN ENTRY--AUTHOR NAME
Personal name Glenn, Jack,
245 10 - TITLE STATEMENT
Title Once upon an Oldman
260 ## - PUBLICATION, DISTRIBUTION, ETC. (IMPRINT)
Place of publication Vancouver :
Name of publisher UBC Press,
Year of publication c1999.
300 ## - PHYSICAL DESCRIPTION
Number of Pages xvi, 329 p. :
Other physical details ill., maps.
650 #0 - SUBJECT ADDED ENTRY--TOPICAL TERM
Topical Term Dams
Topical Term Dams
Topical Term Piegan Indians
856 40 - ELECTRONIC LOCATION AND ACCESS
Uniform Resource Identifier http://site.ebrary.com/lib/rucke/Doc?id=10146907

No items available.

© 2026 Rongo University
Contact us: librarian | system librarian | Rongo university